Το άγιο νερό : ιαματικές πηγές της Λέσβου = The sacred water : the mineral springs of Lesvos
Αποθηκεύτηκε σε:
| Κύριος συγγραφέας: | |
|---|---|
| Άλλοι συγγραφείς: | |
| Μορφή: | Βιβλίο |
| Γλώσσα: | Greek |
| Δημοσίευση: |
Αθήνα :
Αφοι Πρωτόπαπα,
1996.
|
| Θέματα: | |
| Ετικέτες: |
Προσθήκη ετικέτας
Δεν υπάρχουν, Καταχωρήστε ετικέτα πρώτοι!
|
MARC
| LEADER | 00000cam a2200000 i 4500 | ||
|---|---|---|---|
| 001 | 1/5675 | ||
| 008 | 960611s1996####gr | ||| ||| ||gre|| | ||
| 020 | |a 9609033008 | ||
| 035 | |l 10016091 | ||
| 040 | |a GR-MyUa |b gre |e AACR2 | ||
| 041 | 0 | |a gre | |
| 082 | 7 | |a 779.44 |2 (21) | |
| 100 | 1 | |a Χατζηδημητρίου, Τζέλη, |d 1962- |e pht | |
| 245 | 1 | 3 | |a Το άγιο νερό : |b ιαματικές πηγές της Λέσβου = The sacred water : the mineral springs of Lesvos / |c φωτογραφίες Τζέλη Ε. Χατζηδημητρίου ; Γιώργος Ν. Μανιώτης, Γιώργος Α. Δουκάκης. |
| 246 | 1 | |a The sacred water : |b the mineral springs of Lesvos | |
| 260 | |a Αθήνα : |b Αφοι Πρωτόπαπα, |c 1996. | ||
| 300 | |a 144 σ. : |b εικ. ; |c 19 εκ. | ||
| 650 | 0 | |a Mineral waters |z Greece |z Lesbos (Municipality) |x Pictorial works. | |
| 650 | 0 | |a Baths |z Greece |z Lesbos (Municipality) |x Pictorial works. | |
| 650 | 0 | |a Hot springs |z Greece |z Lesbos (Municipality) |x Pictorial works. | |
| 700 | 1 | |a Μανιώτης, Γιώργος Ν., |d 1951- |e aut | |
| 852 | |a INST |b LESVOS |e 19960611 |h 779.44 ΧΑΤ |p 005100009935 |q 005100009935 |t BK |y 4 |x 20230327 | ||
| 852 | |a INST |b LESVOS |e 20160909 |h 779.44 ΧΑΤ |p 005100058325 |q 005100058325 |t BK |y 0 | ||